000 00322nam a2200145Ia 4500
100 _aWilson /J/ Hawkes/ J.F.B
942 _cBK
654 _aOptoelectronics
245 _aOptoelectronics
260 _bPrentice Hall
_aNew Delhi
_c1996
082 _a621.380414 WIL
300 _a470
546 _aENGLISH
999 _c18114
_d18114